[Event "Igualada Anoia op 13th"]
[Site "Igualada"]
[Date "2018.01.27"]
[Round "3"]
[White "Diaz Soro, Josep Lluis"]
[Black "Gil Fernandez, Lluis Antoni"]
[Result "1-0"]
[WhiteElo "1695"]
[BlackElo "1459"]
[PlyCount "37"]
[EventDate "2018.01.13"]
[EventType "swiss"]
[EventRounds "8"]
[EventCountry "ESP"]
[SourceTitle "CBM 187 Extra"]
[Source "ChessBase"]
[SourceDate "2018.11.04"]
[SourceVersion "1"]
[SourceVersionDate "2018.11.04"]
[SourceQuality "1"]

1. f4 d5 2. Nf3 Nc6 3. e3 Bf5 4. d3 Nf6 5. Be2 Qd7 6. Na3 a6 7. 0-0 h6 8. Ne5 Qd6 9. d4 e6 10. c4 b6 11. Nc2 Be7 12. Bd2 Bxc2 13. Qxc2 Nb4 14. Qb3 a5 15. a3 Na6 16. cxd5 Qxd5 17. Qa4+ Kf8 18. Bc4 Qd6 19. f5 1-0

[Event "Igualada Anoia op 13th"]
[Site "Igualada"]
[Date "2018.01.13"]
[Round "1"]
[White "Soidan Parcerisas, Manel"]
[Black "Gil Fernandez, Lluis Antoni"]
[Result "1-0"]
[WhiteElo "1836"]
[BlackElo "1459"]
[PlyCount "35"]
[EventDate "2018.01.13"]
[EventType "swiss"]
[EventRounds "8"]
[EventCountry "ESP"]
[SourceTitle "CBM 187 Extra"]
[Source "ChessBase"]
[SourceDate "2018.11.04"]
[SourceVersion "1"]
[SourceVersionDate "2018.11.04"]
[SourceQuality "1"]

1. e4 e5 2. Bc4 Nf6 3. Nc3 c6 4. Nf3 d6 5. d4 Bg4 6. dxe5 Bxf3 7. gxf3 Nh5 8. f4 g6 9. Be3 b5 10. Bb3 b4 11. Ne2 c5 12. Qd5 Qc7 13. Qxa8 c4 14. Ba4+ Ke7 15. exd6+ Qxd6 16. Rd1 Qa6 17. Qxb8 Qxa4 18. Bc5+ 1-0